Управление ассортиментом, качеством и конкурентоспособностью товаров и услуг (Запись № 3706494)

Подробности
000 -МАРКЕР
контрольное поле 02702nam0a2200433 i 4500
001 - ИДЕНТИФИКАТОР ЗАПИСИ
контрольное поле RU\NLR\bibl\1962879
005 - ИДЕНТИФИКАТОР ВЕРСИИ
контрольное поле 20260407131421.0
010 ## - МЕЖДУНАРОДНЫЙ СТАНДАРТНЫЙ НОМЕР КНИГИ (ISBN)
Номер (ISBN) 9785433900134
Тираж 55
021 ## - НОМЕР ГОСУДАРСТВЕННОЙ РЕГИСТРАЦИИ
Код страны Российская Федерация
Номер 2012-77575
Номер Листа государственной регистраци 5754
035 ## - ДРУГИЕ СИСТЕМНЫЕ НОМЕРА
Идентификатор записи (nilc)RSL-KNO-005510986
035 ## - ДРУГИЕ СИСТЕМНЫЕ НОМЕРА
Идентификатор записи (NLR Aleph) 001951873
100 ## - ДАННЫЕ ОБЩЕЙ ОБРАБОТКИ
Данные общей обработки 20121017d2012 u y0rusy50 ca
101 0# - ЯЗЫК РЕСУРСА
Язык текста, звукозаписи и т.д. русский
102 ## - СТРАНА ПУБЛИКАЦИИ ИЛИ ПРОИЗВОДСТВА
Страна публикации Российская Федерация
105 ## - ПОЛЕ КОДИРОВАННЫХ ДАННЫХ: ТЕКСТОВЫЕ МАТЕРИАЛЫ, МОНОГРАФИЧЕСКИЕ
Кодированные данные о монографическом текстовом документе a |||||||||
200 1# - ЗАГЛАВИЕ И СВЕДЕНИЯ ОБ ОТВЕТСТВЕННОСТИ
Основное заглавие Управление ассортиментом, качеством и конкурентоспособностью товаров и услуг
Сведения, относящиеся к заглавию материалы III международной научно-практической конференции, посвященной 50-летию Чебоксарского кооперативного института (филиала) Российского университета кооперации, (27 апреля 2012 г.)
Первые сведения об ответственности [редкол.: В. В. Андреев, д.ист.н., доц. и др.]
210 ## - ПУБЛИКАЦИЯ, РАСПРОСТРАНЕНИЕ И ДР.
Место издания, распространения и т.д. Чебоксары
Имя издателя, распространителя и т. д. ЧКИ РУК
Дата издания, распространения и т.д. 2012
215 ## - ФИЗИЧЕСКАЯ ХАРАКТЕРИСТИКА
Специфическое обозначение материала и объем 303, [1] с.
Другие сведения о физической характеристике ил.
Размеры 20
300 ## - ОБЩИЕ ПРИМЕЧАНИЯ
Текст примечания В надзаг.: Автономная некоммерческая организация высш. проф. образования Центросоюза Российской Федерации "Российский ун-т кооперации", Чебоксарский кооперативный ин-т (фил.)
320 ## - ПРИМЕЧАНИЯ О НАЛИЧИИ В ДОКУМЕНТЕ БИБЛИОГРАФИИ / УКАЗАТЕЛЯ
Текст примечания Библиогр. в конце докл.
606 1# - НАИМЕНОВАНИЕ ТЕМЫ КАК ПРЕДМЕТ
Наименование темы Предприятия
Формальный подзаголовок Съезды, совещания и т.п.
Тематический подзаголовок Ассортимент продукции
-- Управление
Системный номер авторитетной/нормативной записи 2341762
Идентификатор авторитетной/нормативной записи RU\NLR\auth\661399691
606 ## - НАИМЕНОВАНИЕ ТЕМЫ КАК ПРЕДМЕТ
Наименование темы Качество продукции
Формальный подзаголовок Съезды, совещания и т.п.
Тематический подзаголовок Управление
Системный номер авторитетной/нормативной записи 1474335
Идентификатор авторитетной/нормативной записи RU\NLR\auth\66317705
606 ## - НАИМЕНОВАНИЕ ТЕМЫ КАК ПРЕДМЕТ
Наименование темы Продукция
Формальный подзаголовок Съезды, совещания и т.п.
Тематический подзаголовок Конкурентоспособность
Системный номер авторитетной/нормативной записи 2127582
Идентификатор авторитетной/нормативной записи RU\NLR\auth\661284011
686 ## - ИНДЕКСЫ ДРУГИХ КЛАССИФИКАЦИЙ
Индекс М2я431(2)
Код системы
686 ## - ИНДЕКСЫ ДРУГИХ КЛАССИФИКАЦИЙ
Индекс Л80я431(2)
Код системы
686 ## - ИНДЕКСЫ ДРУГИХ КЛАССИФИКАЦИЙ
Индекс У9(2)421.0-21я431(2)
Код системы
686 ## - ИНДЕКСЫ ДРУГИХ КЛАССИФИКАЦИЙ
Индекс У42(2)1-361.4-21я431
686 ## - ИНДЕКСЫ ДРУГИХ КЛАССИФИКАЦИЙ
Индекс У9(2)-823.2-21я431
686 ## - ИНДЕКСЫ ДРУГИХ КЛАССИФИКАЦИЙ
Индекс У9(2)-13я431
702 #1 - ИМЯ ЛИЦА - ВТОРИЧНАЯ ОТВЕТСТВЕННОСТЬ
Код отношения Редактор
Графика поля Кириллица
Материалы, к которым относится поле rus
Начальный элемент ввода Андреев
Часть имени, кроме начального элемента ввода В. В.
Дополнения к именам, кроме дат д-р ист. наук, юрист
Даты 1958-
Расширение инициалов личного имени Валерий Витальевич
Системный номер авторитетной/нормативной записи 9831
Идентификатор авторитетной/нормативной записи RU\NLR\AUTH\7726793
712 02 - НАИМЕНОВАНИЕ ОРГАНИЗАЦИИ - ВТОРИЧНАЯ ОТВЕТСТВЕННОСТЬ
Код отношения Прочие
Начальный элемент ввода Чебоксарский кооперативный институт
Системный номер авторитетной/нормативной записи 464701
Идентификатор авторитетной/нормативной записи RU\NLR\AUTH\889984506
801 #0 - ИСТОЧНИК ЗАПИСИ
Страна Российская Федерация
Организация RuMoRKP
Дата составления 20121017
Правила каталогизации rcr
801 #1 - ИСТОЧНИК ЗАПИСИ
Страна Российская Федерация
Организация РГБ
Дата составления 20121017
801 #2 - ИСТОЧНИК ЗАПИСИ
Страна Российская Федерация
Организация NLR
Дата составления 20121101
Правила каталогизации rcr
942 ## - ДОПОЛНИТЕЛЬНЫЕ ЭЛЕМЕНТЫ ЗАПИСИ (АБИС)
Тип экземпляра АБИС Книга
980 ## - КОЛЛЕКЦИЯ
Название коллекции НБР

Нет доступных экземпляров.